[Event "FAI-ch"]
[Site "Sandavagur"]
[Date "2024.03.23"]
[Round "1"]
[White "Apol, Luitjen Akselsson"]
[Black "Petersen, Terji"]
[Result "1-0"]
[WhiteElo "2239"]
[BlackElo "2040"]
[PlyCount "65"]
[EventDate "2024.03.23"]
[EventType "tourn"]
[EventRounds "7"]
[EventCountry "FAI"]
[SourceTitle "CB14_2024"]
[SourceDate "2024.04.01"]
[SourceVersion "1"]
[SourceVersionDate "2024.04.01"]
[SourceQuality "1"]

1. e4 c5 2. Nf3 d6 3. d4 cxd4 4. Nxd4 Nf6 5. Nc3 g6 6. Be3 Bg7 7. f3 0-0 8. Qd2 Nc6 9. 0-0-0 Nxd4 10. Bxd4 Be6 11. Kb1 Qc7 12. h4 Rfc8 13. h5 Qa5 14. hxg6 hxg6 15. a3 Rab8 16. Bd3 b5 17. Qg5 Qc7 18. e5 dxe5 19. Bxe5 Qc5 20. f4 Rb7 21. Bxg6 fxg6 22. Qxg6 Bf7 23. Rh8+ Kxh8 24. Qxf7 Qxe5 25. fxe5 Ng8 26. Rh1+ Nh6 27. Qe6 Rcc7 28. Rxh6+ Bxh6 29. Qxh6+ Kg8 30. Qg6+ Kh8 31. e6 b4 32. Ne4 bxa3 33. Ng5 1-0

[Event "EU Small Countries blitz op 8th"]
[Site "St Helier"]
[Date "2023.11.02"]
[Round "9"]
[White "Ferster, Fabian"]
[Black "Apol, Luitjen Akselsson"]
[Result "1-0"]
[WhiteElo "2108"]
[BlackElo "2031"]
[PlyCount "41"]
[EventDate "2023.11.02"]
[EventType "swiss (blitz)"]
[EventRounds "11"]
[EventCountry "GCI"]
[SourceTitle "CB46_2023"]
[SourceDate "2023.11.15"]
[SourceVersion "1"]
[SourceVersionDate "2023.11.15"]
[SourceQuality "1"]

1. e4 c5 2. Nf3 d6 3. d4 cxd4 4. Nxd4 Nf6 5. Nc3 a6 6. Bc4 b5 7. Bb3 e6 8. Bg5 b4 9. Nd5 Bb7 10. 0-0 h6 11. Nxf6+ gxf6 12. Bh4 Rg8 13. Nxe6 fxe6 14. Bxe6 Rg7 15. Qh5+ Ke7 16. Bd5 Nc6 17. f4 Qb6+ 18. Kh1 Bc8 19. e5 dxe5 20. fxe5 Rg5 21. exf6+ 1-0

[Event "EU Small Countries ol 8th"]
[Site "St Helier"]
[Date "2023.10.30"]
[Round "3.3"]
[White "Apol, Luitjen Akselsson"]
[Black "Frick, Renato"]
[Result "1-0"]
[WhiteElo "2152"]
[BlackElo "1866"]
[PlyCount "67"]
[EventDate "2023.10.29"]
[EventType "team-tourn"]
[EventRounds "9"]
[EventCountry "GCI"]
[SourceTitle "Mega2024 Update 01"]
[Source "Chessbase"]
[SourceDate "2023.11.12"]
[SourceVersion "1"]
[SourceVersionDate "2023.11.12"]
[SourceQuality "1"]
[WhiteTeam "Faroe Islands"]
[BlackTeam "Liechtenstein"]
[WhiteTeamCountry "FAI"]
[BlackTeamCountry "LIE"]

1. e4 c5 2. Nf3 g6 3. d4 cxd4 4. Nxd4 Bg7 5. c4 Nc6 6. Nc2 Nf6 7. Nc3 d6 8. Be2 h5 9. h3 Be6 10. 0-0 Rc8 11. Qe1 Na5 12. b3 b6 13. Be3 Bd7 14. Nd4 Nc6 15. Rd1 Qc7 16. f4 Qb7 17. Bf3 Qb8 18. Nxc6 Bxc6 19. Bd4 e5 20. Be3 0-0 21. Qh4 Ne8 22. f5 Qb7 23. Bg5 f6 24. Be3 gxf5 25. exf5 Bxf3 26. Rxf3 Qf7 27. Rg3 Kh7 28. Rg6 Rh8 29. Qxh5+ Kg8 30. Qg4 Kf8 31. h4 Ke7 32. Nb5 Kd8 33. Nxd6 Nxd6 34. Rxd6+ 1-0

[Event "EU Small Countries ol 8th"]
[Site "St Helier"]
[Date "2023.10.29"]
[Round "1.4"]
[White "Gengler, Pierre"]
[Black "Apol, Luitjen Akselsson"]
[Result "1-0"]
[WhiteElo "2130"]
[BlackElo "2152"]
[PlyCount "59"]
[EventDate "2023.10.29"]
[EventType "team-tourn"]
[EventRounds "9"]
[EventCountry "GCI"]
[SourceTitle "Mega2024 Update 01"]
[Source "Chessbase"]
[SourceDate "2023.11.12"]
[SourceVersion "1"]
[SourceVersionDate "2023.11.12"]
[SourceQuality "1"]
[WhiteTeam "Luxembourg"]
[BlackTeam "Faroe Islands"]
[WhiteTeamCountry "LUX"]
[BlackTeamCountry "FAI"]

1. d4 Nf6 2. g3 g6 3. Bg2 Bg7 4. e4 d6 5. Ne2 0-0 6. h3 e5 7. Be3 c6 8. 0-0 Na6 9. Nbc3 Qe7 10. Qd2 exd4 11. Bxd4 Nc5 12. Rae1 Be6 13. b3 Rfd8 14. f4 d5 15. f5 Nfxe4 16. Nxe4 dxe4 17. Qe3 Bxd4 18. Nxd4 Bxf5 19. Nxf5 gxf5 20. Rxf5 Rd5 21. Ref1 Re8 22. b4 Nd7 23. Rxf7 Qxf7 24. Rxf7 Kxf7 25. Bxe4 Rd1+ 26. Kg2 Nf6 27. Qb3+ Kg7 28. Bf3 Rde1 29. Qc4 Rb1 30. g4 1-0

[Event "Kragero op"]
[Site "Kragero"]
[Date "2023.02.24"]
[Round "5"]
[White "Houska, Jovanka"]
[Black "Apol, Luitjen Akselsson"]
[Result "0-1"]
[WhiteElo "2338"]
[BlackElo "2161"]
[PlyCount "100"]
[EventDate "2023.02.22"]
[EventType "swiss"]
[EventRounds "9"]
[EventCountry "NOR"]
[SourceTitle "CBM 212 Extra"]
[Source "ChessBase"]
[SourceDate "2023.03.31"]
[SourceVersion "1"]
[SourceVersionDate "2023.03.31"]
[SourceQuality "1"]

1. d4 Nf6 2. Nf3 g6 3. g3 Bg7 4. Bg2 0-0 5. 0-0 d6 6. Re1 Nbd7 7. e4 e5 8. Nc3 c6 9. a4 Qc7 10. b3 Rd8 11. Ba3 Nf8 12. h3 Ne6 13. d5 Nd4 14. Nxd4 exd4 15. Ne2 c5 16. Bb2 Re8 17. Nf4 Nd7 18. Qd2 Ne5 19. Kh1 Bd7 20. c3 Qa5 21. Rec1 Rac8 22. Qd1 dxc3 23. Bxc3 Qb6 24. Ra2 h5 25. a5 Qd8 26. Ne2 Bb5 27. f4 Nd3 28. Kh2 Nxc1 29. Qxc1 Bxe2 30. Rxe2 h4 31. g4 Bd4 32. e5 b5 33. Bxd4 cxd4 34. Qd2 Qc7 35. Qxd4 Qc3 36. Qxc3 Rxc3 37. exd6 Rd8 38. Re7 Rxd6 39. Rxa7 Rxb3 40. f5 Rb2 41. fxg6 Rxd5 42. Kg1 Rd1+ 43. Bf1 fxg6 44. Ra8+ Kg7 45. Ra7+ Kf6 46. Ra6+ Kg5 47. Ra8 Kf4 48. a6 Kg3 49. Rf8 Rg2+ 50. Kh1 Rf2 0-1

[Event "Kragero op"]
[Site "Kragero"]
[Date "2023.02.23"]
[Round "3"]
[White "Zatonskih, Anna"]
[Black "Apol, Luitjen Akselsson"]
[Result "1/2-1/2"]
[WhiteElo "2348"]
[BlackElo "2161"]
[PlyCount "31"]
[EventDate "2023.02.22"]
[EventType "swiss"]
[EventRounds "9"]
[EventCountry "NOR"]
[SourceTitle "CBM 212 Extra"]
[Source "ChessBase"]
[SourceDate "2023.03.31"]
[SourceVersion "1"]
[SourceVersionDate "2023.03.31"]
[SourceQuality "1"]

1. d4 Nf6 2. c4 g6 3. Nf3 Bg7 4. g3 0-0 5. Bg2 d6 6. 0-0 Nbd7 7. Nc3 e5 8. e4 b6 9. Re1 Bb7 10. Rb1 exd4 11. Nxd4 Re8 12. b3 c6 13. Bb2 a6 14. a4 Qc7 15. Nc2 Rad8 16. Ne3 1/2-1/2

[Event "Vaduz ESNA 4th"]
[Site "Vaduz"]
[Date "2022.09.26"]
[Round "2"]
[White "Apol, Luitjen Akselsson"]
[Black "Efimov, Igor"]
[Result "1-0"]
[WhiteElo "2113"]
[BlackElo "2360"]
[PlyCount "67"]
[EventDate "2022.09.25"]
[EventType "tourn"]
[EventRounds "9"]
[EventCountry "LIE"]
[SourceTitle "CBM 210 Extra"]
[Source "ChessBase"]
[SourceDate "2022.11.30"]
[SourceVersion "1"]
[SourceVersionDate "2022.11.30"]
[SourceQuality "1"]

1. e4 e6 2. d4 d5 3. Nd2 c5 4. Ngf3 cxd4 5. Nxd4 Nf6 6. exd5 Nxd5 7. N2f3 Bc5 8. c3 0-0 9. Bd3 Nd7 10. 0-0 N7f6 11. Bg5 b6 12. Re1 Bb7 13. Qd2 Rc8 14. a3 Re8 15. Bb5 Rf8 16. Bd3 Re8 17. Bb5 Rf8 18. Rad1 a6 19. Bd3 b5 20. Bb1 Be7 21. Qd3 g6 22. Ne5 Nd7 23. Nxg6 fxg6 24. Nxe6 Qb6 25. Nxf8 Rxf8 26. Ba2 Bxg5 27. Bxd5+ Kg7 28. Bxb7 Qxf2+ 29. Kh1 Nc5 30. Qd5 Rf5 31. Qc6 Nd3 32. Qd7+ Rf7 33. Qxd3 Rxb7 34. Qd5 1-0

[Event "Nordic-ch U17"]
[Site "Helsingborg"]
[Date "2022.08.26"]
[Round "2"]
[White "Unneland, Mathias"]
[Black "Apol, Luitjen Akselsson"]
[Result "1/2-1/2"]
[WhiteElo "2257"]
[BlackElo "2289"]
[PlyCount "82"]
[EventDate "2022.08.26"]
[EventType "swiss"]
[EventRounds "6"]
[EventCountry "SWE"]
[SourceTitle "EXT 2023"]
[Source "ChessBase"]
[SourceDate "2022.10.05"]
[SourceVersion "1"]
[SourceVersionDate "2022.10.05"]
[SourceQuality "1"]

1. d4 Nf6 2. c4 g6 3. Nc3 Bg7 4. e4 d6 5. Nf3 0-0 6. Be2 Na6 7. 0-0 e5 8. Re1 Bg4 9. Be3 Bxf3 10. Bxf3 exd4 11. Bxd4 Nb4 12. Qb3 Nc6 13. Be3 Nd7 14. Rad1 Rb8 15. Qc2 b6 16. a3 Nc5 17. Rd2 a5 18. b3 Re8 19. Nd5 a4 20. b4 Nb3 21. Rdd1 Nbd4 22. Bxd4 Nxd4 23. Qd3 h5 24. g3 h4 25. Bg4 c6 26. Nc3 Kh7 27. Nxa4 Ra8 28. Nb2 Rh8 29. f4 c5 30. Kg2 cxb4 31. axb4 Ra2 32. Rd2 Qa8 33. Re3 f5 34. Bf3 Nxf3 35. Kxf3 Rxb2 36. Rxb2 Bxb2 37. Qxd6 fxe4+ 38. Rxe4 hxg3 39. Qd7+ Bg7 40. Qh3+ Bh6 41. Qd7+ Bg7 1/2-1/2

[Event "Helsingor Kronborg Master-1"]
[Site "Helsingor"]
[Date "2022.05.26"]
[Round "4"]
[White "Apol, Luitjen Akselsson"]
[Black "Andersen, Soren Mikkel"]
[Result "1-0"]
[WhiteElo "2231"]
[BlackElo "2149"]
[PlyCount "47"]
[EventDate "2022.05.26"]
[EventType "tourn"]
[EventRounds "7"]
[EventCountry "DEN"]
[SourceTitle "CBM 208 Extra"]
[Source "ChessBase"]
[SourceDate "2022.07.31"]
[SourceVersion "1"]
[SourceVersionDate "2022.07.31"]
[SourceQuality "1"]

1. e4 c5 2. Nf3 d6 3. d4 cxd4 4. Nxd4 Nf6 5. Nc3 a6 6. Bg5 e6 7. f4 h6 8. Bh4 Qb6 9. Qd2 Qxb2 10. Nb3 Nbd7 11. Bxf6 gxf6 12. Be2 h5 13. 0-0 Qa3 14. Kh1 Nc5 15. Bf3 Nxb3 16. cxb3 Bd7 17. Rad1 0-0-0 18. Qd4 Be7 19. b4 d5 20. Rb1 dxe4 21. Qxe4 Bc6 22. Qc4 Rd6 23. Rb3 b5 24. Qc5 1-0

[Event "FAI-ch"]
[Site "Eidi"]
[Date "2022.04.15"]
[Round "7"]
[White "Apol, Luitjen Akselsson"]
[Black "Nolsoe, Rani"]
[Result "1/2-1/2"]
[WhiteElo "2160"]
[BlackElo "2068"]
[PlyCount "27"]
[EventDate "2022.04.09"]
[EventType "tourn"]
[EventRounds "7"]
[EventCountry "FAI"]
[SourceTitle "CBM 207 Extra"]
[Source "ChessBase"]
[SourceDate "2022.05.31"]
[SourceVersion "1"]
[SourceVersionDate "2022.05.31"]
[SourceQuality "1"]

1. e4 d6 2. d4 Nf6 3. Nc3 g6 4. Be3 Bg7 5. Qd2 c6 6. Bh6 Bxh6 7. Qxh6 e5 8. 0-0-0 Nbd7 9. Nf3 Qe7 10. h3 b5 11. Qe3 Bb7 12. Bd3 b4 13. Ne2 a5 14. Nd2 1/2-1/2

[Event "FAI-ch"]
[Site "Eidi"]
[Date "2022.04.13"]
[Round "5"]
[White "Apol, Luitjen Akselsson"]
[Black "Simonsen, Hans Kristian"]
[Result "1-0"]
[WhiteElo "2160"]
[BlackElo "2176"]
[PlyCount "59"]
[EventDate "2022.04.09"]
[EventType "tourn"]
[EventRounds "7"]
[EventCountry "FAI"]
[SourceTitle "CBM 207 Extra"]
[Source "ChessBase"]
[SourceDate "2022.05.31"]
[SourceVersion "1"]
[SourceVersionDate "2022.05.31"]
[SourceQuality "1"]

1. e4 c6 2. d4 d5 3. Nc3 dxe4 4. Nxe4 Nf6 5. Nxf6+ exf6 6. c3 Bd6 7. Bd3 0-0 8. Ne2 Re8 9. 0-0 Qc7 10. Ng3 Nd7 11. Nf5 Nf8 12. Nxd6 Qxd6 13. b3 Bd7 14. a4 Rad8 15. Bb2 Ne6 16. Qc2 Nf4 17. Bxh7+ Kh8 18. Be4 Bg4 19. f3 f5 20. Bd3 Re3 21. Bc1 Qe7 22. fxg4 Nxd3 23. Bxe3 Qxe3+ 24. Kh1 fxg4 25. Rad1 Nf4 26. Qd2 Nd5 27. Rxf7 Qe6 28. Rdf1 Nf6 29. Rxb7 g3 30. Qg5 1-0